| 000 | 00938nam a22002777a 4500 | ||
|---|---|---|---|
| 003 | EG-ScBUE | ||
| 005 | 20211205105020.0 | ||
| 008 | 100720s1998 ua o f 000 0 ara d | ||
| 017 | _a1998 / 5337 | ||
| 020 | _a9772704285 | ||
| 040 |
_aEG-ScBUE _bara _erda _cEG-ScBUE _dEG-ScBUE |
||
| 082 | 0 | 4 |
_a892.74 _bش ا ك _222 |
| 100 | 1 |
_916514 _aشاكر، فؤاد، _eمؤلف. |
|
| 245 | 1 | 2 |
_aالحياة حفل حافل / _cفؤاد شاكر. |
| 264 | 1 |
_aالقاهرة : _bالدار المصرية اللبنانية، _c1998. |
|
| 300 |
_a304 صفحة : _bصور ؛ _c24 سم |
||
| 336 |
_2rdacontent _aنص _btxt |
||
| 337 |
_2rdamedia _aبدون وسيط _bn |
||
| 338 |
_2rdacarrier _aمجلد _bnc |
||
| 541 |
_aألف باء ؛ _cشراء ؛ |
||
| 650 | 7 |
_916467 _aالمقالات العربية _yقرن 20. _2BUEsh |
|
| 651 | _2BUEsh | ||
| 653 |
_bARALIT _cDecember2021 |
||
| 655 |
_vReading book _934232 |
||
| 942 |
_2ddc _cBB |
||
| 999 |
_c14517 _d14517 |
||